• 首页
  • 本馆介绍
  • 公告通知
  • 最新文献
  • 馆藏检索
  • 电子资源
  • 读者导购
  • 参考咨询
  • 我的图书馆
  • 登录
  • 详细信息显示
  • 放入我的书架
  • 预约/预借图书
  • 作者相关作品
  • 分类相关作品
  • 丛书相关作品
  • 出版社相关作品

书目信息

  • 表格格式
  • 工作单格式
  • 卡片格式
题名:
经济数学
    
 
作者: 邹尔新 , 王艳 主编
分册: Ⅱ   线性代数
出版信息: 北京   科学出版社  2014.06
页数: 176页
开本: 24cm
丛书名:
单 册:
中图分类: F224.0 , O151.2
科图分类:
主题词: 经济数学--高等学校--教材 , 线性代数--高等学校--教材 , 经济数学 , 线性代数
电子资源:
ISBN: 978-7-03-040953-9
000 00932nam0 2200289 450
001 5497
005 20181016162743.12
010    @a978-7-03-040953-9@dCNY29.00
100    @a20140724d2014 em y0chiy50 ea
101 0  @achi
102    @aCN@b110000
105    @ay z 000yy
200 1  @a经济数学@9jing ji shu xue@hⅡ@i线性代数@f邹尔新,王艳主编
210    @a北京@c科学出版社@d2014.06
215    @a176页@d24cm
300    @a高等学校(独立学院)经济数学系列教材/李延敏总主编
330    @a本书内容包括:行列式、矩阵、线性方程组与向量、矩阵特征值与特征向量、二次型,每章配有习题和适当的选做题,书后给出参考答案。
606 0  @a经济数学@x高等学校@j教材
606 0  @a线性代数@x高等学校@j教材
606 0  @a经济数学
606 0  @a线性代数
690    @aF224.0@v5
690    @aO151.2@v5
701  0 @a邹尔新@9zou er xin@4主编
701  0 @a王艳@9wang yan@4主编
801  0 @aCN@b91MARC@c20150426
905    @aMuseLib@dF224.0@e589=2
    
    经济数学.Ⅱ.线性代数/邹尔新,王艳主编.-北京:科学出版社,2014.06
    176页;24cm
    高等学校(独立学院)经济数学系列教材/李延敏总主编
    
    ISBN 978-7-03-040953-9:CNY29.00
    本书内容包括:行列式、矩阵、线性方程组与向量、矩阵特征值与特征向量、二次型,每章配有习题和适当的选做题,书后给出参考答案。
●
相关链接 在E读中查询图书 在五车中查询图书 在当当中查询图书 在豆瓣中查询图书


正题名:经济数学     索取号:F224.0/589=2         预约/预借

序号 登录号 条形码 馆藏地/架位号 状态 备注
1 1130000   211300000   第一样本阅览室/ [索取号:F224.0/589=2] 在馆    
2 1130001   211300019   第一借阅区/ [索取号:F224.0/589=2] 在馆    
3 1130002   211300028   第一借阅区/ [索取号:F224.0/589=2] 在馆    
4 1130003   211300037   第一借阅区/ [索取号:F224.0/589=2] 在馆    
5 1130004   211300046   第一借阅区/ [索取号:F224.0/589=2] 在馆    
唐山师范学院图书馆 欢迎您!
大连网信软件有限公司© 版权所有